มุมมองปกติ
มุมมองแบบ MARC
- ซี. ลี., บ็อบบี
รายการ Personal Name
001 - CONTROL NUMBER
- control field: 65797
003 - CONTROL NUMBER IDENTIFIER
- control field: NALT
005 - DATE AND TIME OF LATEST TRANSACTION
- control field: 20250428144658.0
008 - FIXED-LENGTH DATA ELEMENTS
- fixed length control field: 250428|| aca||aabn | a|a d
040 ## - CATALOGING SOURCE
- Original cataloging agency: NALT
100 1# - HEADING--PERSONAL NAME
- Personal name: ซี. ลี., บ็อบบี
